Algunos aspectos del bachiller Colombiano (Registro nro. 8014)

Detalles MARC
000 -CABECERA
campo de control de longitud fija 00863nam a2200253Ia 4500
001 - NÚMERO DE CONTROL
campo de control 8014
003 - IDENTIFICADOR DEL NÚMERO DE CONTROL
campo de control 16219
005 - FECHA Y HORA DE LA ÚLTIMA TRANSACCIÓN
campo de control 20251003212018.0
008 - DATOS DE LONGITUD FIJA--INFORMACIÓN GENERAL
campo de control de longitud fija ||||||n9999 ||| || ||
041 ## - CÓDIGO DE LENGUA
Código de lengua del texto/banda sonora o título independiente spa
082 ## - NÚMERO DE LA CLASIFICACIÓN DECIMAL DEWEY
Número de clasificación 373
245 #0 - MENCIÓN DE TÍTULO
Título Algunos aspectos del bachiller Colombiano
Resto del título estudio preliminar basado en encuesta hecha hacia los bachilleres y en sus resultados de las pruebas nacionales de aptitud y conocimientos 1968
260 ## - PUBLICACIÓN, DISTRIBUCIÓN, ETC.
Lugar de publicación, distribución, etc. Bogotá :
Nombre del editor, distribuidor, etc. Instituto Colombiano para el Fomento de la Educación Superior-ICFES,
Fecha de publicación, distribución, etc. 1970.
300 ## - DESCRIPCIÓN FÍSICA
Extensión 168p.
562 ## - NOTA DE IDENTIFICACIÓN DE LA COPIA Y VERSIÓN
Número de copias 1
650 ## - PUNTO DE ACCESO ADICIONAL DE MATERIA--TÉRMINO DE MATERIA
Término de materia o nombre geográfico como elemento de entrada COLOMBIA
9 (RLIN) 14113
650 #0 - PUNTO DE ACCESO ADICIONAL DE MATERIA--TÉRMINO DE MATERIA
Término de materia o nombre geográfico como elemento de entrada Educación secundaria
9 (RLIN) 3428
650 #0 - PUNTO DE ACCESO ADICIONAL DE MATERIA--TÉRMINO DE MATERIA
Término de materia o nombre geográfico como elemento de entrada Educación secundaria
9 (RLIN) 3428
650 ## - PUNTO DE ACCESO ADICIONAL DE MATERIA--TÉRMINO DE MATERIA
Término de materia o nombre geográfico como elemento de entrada ENCUESTAS
9 (RLIN) 2257
650 ## - PUNTO DE ACCESO ADICIONAL DE MATERIA--TÉRMINO DE MATERIA
Término de materia o nombre geográfico como elemento de entrada ENSEÑANZA SECUNDARIA
9 (RLIN) 14114
650 ## - PUNTO DE ACCESO ADICIONAL DE MATERIA--TÉRMINO DE MATERIA
Término de materia o nombre geográfico como elemento de entrada ESTADÍSTICAS DE LA EDUCACIÓN
9 (RLIN) 3431
650 #0 - PUNTO DE ACCESO ADICIONAL DE MATERIA--TÉRMINO DE MATERIA
Término de materia o nombre geográfico como elemento de entrada Estudiantes
9 (RLIN) 3432
942 ## - ELEMENTOS DE PUNTO DE ACCESO ADICIONAL (KOHA)
Tipo de ítem Koha Documento Gobierno
Existencias
Estado de retiro Estado de pérdida Estado dañado No para préstamo Código de colección Localización permanente Ubicación/localización actual Coste, precio normal de compra Total de préstamos Signatura topográfica completa Código de barras Número de copia Tipo de ítem Koha
        Documentos de Gobierno Bogotá - Sede Central Bogotá - Sede Central 35000.00   D.G.1191 10292 1 Documento Gobierno